000 003480000a22001570004500
020 _a0 85558 339 8
082 0 4 _aGI CD D632o
110 1 _aWalt Disney
245 1 0 _aGolden Treasury
260 _aSidney : Golden Press
300 _a320 P.
440 0 _aCol. \ Little Golden Book
650 1 4 _aLiteratura Infantil
001 775
942 _cLGB
999 _c47979
_d47979